<?xml version="1.0" encoding="UTF-8"?>
<record
    xmlns:xsi="http://www.w3.org/2001/XMLSchema-instance"
    xsi:schemaLocation="http://www.loc.gov/MARC21/slim http://www.loc.gov/standards/marcxml/schema/MARC21slim.xsd"
    xmlns="http://www.loc.gov/MARC21/slim">

  <leader>00781nam a2200229 i 4500</leader>
  <controlfield tag="001">bg</controlfield>
  <datafield tag="245" ind1="0" ind2="0">
    <subfield code="a">Biznes :</subfield>
    <subfield code="b">s&#x142;ownik w 11 j&#x119;zykach - niemiecki, angielski, francuski, w&#x142;oski, hiszpa&#x144;ski, portugalski, holenderski, szwedzki, polski, czeski, w&#x119;gierski /</subfield>
    <subfield code="c">[red. Barry Sandoval].</subfield>
  </datafield>
  <datafield tag="246" ind1=" " ind2=" ">
    <subfield code="i">Tyt. oryg.:</subfield>
    <subfield code="a">Wirtschaft in 11 Sprachen</subfield>
  </datafield>
  <datafield tag="260" ind1=" " ind2=" ">
    <subfield code="a">Warszawa :</subfield>
    <subfield code="b">"Muza",</subfield>
    <subfield code="c">1998.</subfield>
  </datafield>
  <datafield tag="300" ind1=" " ind2=" ">
    <subfield code="a">1135 s. ;</subfield>
    <subfield code="c">22 cm.</subfield>
  </datafield>
  <datafield tag="500" ind1=" " ind2=" ">
    <subfield code="a">Oryg. : "Wirtschaft in 11 Sprachen" 1998.</subfield>
  </datafield>
  <datafield tag="650" ind1=" " ind2="9">
    <subfield code="a">Nauki ekonomiczne</subfield>
    <subfield code="x">s&#x142;ownictwo</subfield>
  </datafield>
  <datafield tag="650" ind1=" " ind2="9">
    <subfield code="a">S&#x142;ownik wieloj&#x119;zyczny</subfield>
  </datafield>
  <datafield tag="700" ind1="1" ind2=" ">
    <subfield code="a">SANDOVAL, Barry.</subfield>
    <subfield code="e">Red.</subfield>
  </datafield>
  <datafield tag="020" ind1=" " ind2=" ">
    <subfield code="a">8370798780</subfield>
  </datafield>
  <datafield tag="040" ind1=" " ind2=" ">
    <subfield code="c">BPK</subfield>
  </datafield>
  <datafield tag="041" ind1="1" ind2=" ">
    <subfield code="a">pl</subfield>
    <subfield code="h">de</subfield>
  </datafield>
  <datafield tag="080" ind1=" " ind2=" ">
    <subfield code="a">33(038)=00</subfield>
  </datafield>
  <datafield tag="920" ind1=" " ind2=" ">
    <subfield code="a">83-7079-878-0</subfield>
  </datafield>
  <datafield tag="942" ind1=" " ind2=" ">
    <subfield code="c">KS</subfield>
  </datafield>
  <controlfield tag="008">      s        pl     f     |000 0 pol  </controlfield>
  <datafield tag="999" ind1=" " ind2=" ">
    <subfield code="c">33549</subfield>
    <subfield code="d">33549</subfield>
  </datafield>
  <datafield tag="856" ind1=" " ind2=" ">
    <subfield code="u">http://koha.tu.koszalin.pl/cgi-bin/koha/opac-detail.pl?biblionumber=33549</subfield>
    <subfield code="y">Katalog online BPK</subfield>
  </datafield>
  <datafield tag="952" ind1=" " ind2=" ">
    <subfield code="0">0</subfield>
    <subfield code="1">0</subfield>
    <subfield code="4">0</subfield>
    <subfield code="7">1</subfield>
    <subfield code="a">BPK</subfield>
    <subfield code="b">BPK</subfield>
    <subfield code="c">eh</subfield>
    <subfield code="o">44106</subfield>
    <subfield code="p">01349702</subfield>
    <subfield code="t">811.111(03):33 Ja-sb</subfield>
    <subfield code="y">KS</subfield>
  </datafield>
</record>
